[Event "GER Cup Net V2 U1600"]
[Site "Playchess.com INT"]
[Date "2020.05.22"]
[Round "7"]
[White "Uhl, Patrick"]
[Black "Kauschanski, Nicolas"]
[Result "0-1"]
[WhiteElo "1422"]
[BlackElo "1290"]
[PlyCount "118"]
[EventDate "2020.05.22"]
[EventType "swiss (blitz)"]
[EventRounds "9"]
[EventCountry "GER"]
[SourceTitle "EXT 2021"]
[Source "ChessBase"]
[SourceDate "2020.10.23"]
[SourceVersion "1"]
[SourceVersionDate "2020.10.23"]
[SourceQuality "1"]

1. d4 Nf6 2. Nf3 g6 3. e3 Bg7 4. Bd3 b6 5. Nbd2 Bb7 6. 0-0 c5 7. c3 d5 8. Re1 0-0 9. e4 e6 10. e5 Nfd7 11. Nf1 f6 12. Ng3 fxe5 13. dxe5 Nc6 14. Bg5 Qc7 15. Bb5 Ndxe5 16. Bxc6 Nxf3+ 17. gxf3 Qxc6 18. Qd2 Rxf3 19. Rad1 d4 20. Ne4 dxc3 21. bxc3 Bxc3 22. Qe2 Bxe1 23. Rxe1 Rff8 24. f3 Qd5 25. Rf1 Qd4+ 26. Kg2 Bxe4 27. Qxe4 Qxe4 28. fxe4 Rxf1 29. Kxf1 c4 30. Ke2 c3 31. Kd3 Rc8 32. Kc2 Kf7 33. Be3 e5 34. Bf2 Ke6 35. Be1 Kd6 36. h4 Kc5 37. Bf2+ Kb5 38. Be1 Rc4 39. Kd3 Rd4+ 40. Kxc3 Rxe4 41. Bf2 Rc4+ 42. Kb3 e4 43. Be3 Rc6 44. a4+ Ka6 45. Kb4 Rf6 46. Bg5 Rf2 47. Kc3 Rf3+ 48. Kd2 Ka5 49. Ke2 Kxa4 50. Be7 b5 51. Bc5 b4 52. Bxa7 b3 53. Bd4 Ka3 54. Bg7 Ka2 55. Bd4 b2 56. Bxb2 Kxb2 57. h5 gxh5 58. Ke1 h4 59. Ke2 h3 0-1

[Event "GER Cup Net V1 U1600"]
[Site "Playchess.com INT"]
[Date "2020.05.19"]
[Round "6"]
[White "Schneider, Martin3333"]
[Black "Uhl, Patrick"]
[Result "1-0"]
[WhiteElo "1620"]
[BlackElo "1453"]
[PlyCount "133"]
[EventDate "2020.05.19"]
[EventType "swiss (blitz)"]
[EventRounds "9"]
[EventCountry "GER"]
[SourceTitle "EXT 2021"]
[Source "ChessBase"]
[SourceDate "2020.10.23"]
[SourceVersion "1"]
[SourceVersionDate "2020.10.23"]
[SourceQuality "1"]

1. e4 c5 2. Nf3 Nc6 3. d4 cxd4 4. Nxd4 g6 5. Nc3 Bg7 6. Be3 Nf6 7. Bc4 0-0 8. Bb3 a6 9. 0-0 b5 10. a3 Bb7 11. f3 Rc8 12. Qd2 e6 13. Bh6 d5 14. Bxg7 Kxg7 15. Nxc6 Bxc6 16. exd5 Nxd5 17. Nxd5 Bxd5 18. Bxd5 Qb6+ 19. Qf2 Qxf2+ 20. Rxf2 exd5 21. Rd2 Rfe8 22. Rad1 h5 23. c3 a5 24. Rxd5 b4 25. cxb4 axb4 26. axb4 Rc2 27. R1d2 Re1+ 28. Kf2 Rcc1 29. b5 h4 30. b6 Re7 31. Rb5 Rc8 32. b3 Rb8 33. Rd6 Re6 34. Rxe6 fxe6 35. b7 Kf7 36. Ke3 Ke7 37. Ke4 Kd7 38. Ke5 Kc6 39. Rb4 Kd7 40. Kf6 Kd6 41. Kxg6 Kc5 42. Rxh4 Rxb7 43. b4+ Kd6 44. Kf6 Rb5 45. Rd4+ Kc7 46. Kxe6 Rh5 47. h3 Rh6+ 48. Kd5 Rd6+ 49. Kc4 Rc6+ 50. Kd3 Rc1 51. g4 Rd1+ 52. Ke4 Re1+ 53. Kf4 Rh1 54. Kg3 Rg1+ 55. Kh4 Rf1 56. f4 Rf3 57. f5 Re3 58. Kg5 Rxh3 59. f6 Rf3 60. Kg6 Kc6 61. g5 Kb5 62. f7 Rf2 63. Kg7 Rg2 64. g6 Rc2 65. f8Q Rc7+ 66. Qf7 Rxf7+ 67. gxf7 1-0

[Event "GER Cup Net V1 U1600"]
[Site "Playchess.com INT"]
[Date "2020.05.19"]
[Round "4"]
[White "Uhl, Patrick"]
[Black "Heiligtag, Matthias"]
[Result "0-1"]
[WhiteElo "1453"]
[BlackElo "1677"]
[PlyCount "68"]
[EventDate "2020.05.19"]
[EventType "swiss (blitz)"]
[EventRounds "9"]
[EventCountry "GER"]
[SourceTitle "EXT 2021"]
[Source "ChessBase"]
[SourceDate "2020.10.23"]
[SourceVersion "1"]
[SourceVersionDate "2020.10.23"]
[SourceQuality "1"]

1. d4 Nf6 2. Nf3 e6 3. e3 b6 4. Bd3 Bb7 5. Nbd2 d5 6. 0-0 Be7 7. Re1 0-0 8. b3 c5 9. c4 cxd4 10. Nxd4 dxc4 11. Nxc4 a6 12. Bb2 b5 13. Nd2 e5 14. N4f3 Qxd3 15. Nxe5 Qd5 16. Ndf3 Qxd1 17. Raxd1 Bxf3 18. Nxf3 Nc6 19. Ne5 Nxe5 20. Bxe5 Rad8 21. Rc1 Rc8 22. Rcd1 Rfd8 23. Bxf6 Bxf6 24. Rxd8+ Rxd8 25. g3 Rd2 26. a4 bxa4 27. bxa4 Ra2 28. Rb1 h6 29. Rb4 Bc3 30. Rc4 Be1 31. Kg2 Bxf2 32. Kf3 Bg1 33. h4 f5 34. Rc1 Rf2# 0-1

[Event "GER-ch Net blitz qual3"]
[Site "Playchess.com INT"]
[Date "2020.03.21"]
[Round "2"]
[White "Plum, Paul"]
[Black "Uhl, Patrick"]
[Result "1-0"]
[WhiteElo "1790"]
[BlackElo "1701"]
[PlyCount "141"]
[EventDate "2020.03.21"]
[EventType "swiss (blitz)"]
[EventRounds "9"]
[EventCountry "GER"]
[SourceTitle "CBM 195 Extra"]
[Source "ChessBase"]
[SourceDate "2020.05.31"]
[SourceVersion "1"]
[SourceVersionDate "2020.05.31"]
[SourceQuality "1"]

1. e4 c5 2. Nc3 Nc6 3. g3 g6 4. Bg2 Bg7 5. d3 Nf6 6. Be3 0-0 7. Bxc5 d6 8. Be3 Ne5 9. d4 Nc4 10. Qc1 Bg4 11. h3 Bc8 12. Nge2 e6 13. 0-0 Nxe3 14. Qxe3 Qb6 15. Rab1 Bd7 16. Kh2 Ne8 17. f4 f5 18. e5 d5 19. Nc1 Bb5 20. Nxb5 Qxb5 21. Nb3 b6 22. c3 Nc7 23. Nd2 a5 24. Nf3 h6 25. Rfc1 Rfc8 26. Bf1 Qa4 27. a3 Rab8 28. c4 Qd7 29. Rc2 dxc4 30. Rbc1 Nd5 31. Qf2 b5 32. a4 Bf8 33. axb5 Rxb5 34. Bxc4 Rbb8 35. Bxd5 Rxc2 36. Rxc2 Qxd5 37. Nh4 Kg7 38. Ng2 Bb4 39. Qe2 Qe4 40. Qc4 Re8 41. Qc7+ Kf8 42. Rc6 Re7 43. Qd8+ Kf7 44. Rc7 Rxc7 45. Qxc7+ Be7 46. Qc3 Bb4 47. Qc7+ Be7 48. Qxa5 Qc2 49. Qc3 Qxc3 50. bxc3 Ba3 51. Ne3 Ke7 52. Kg2 Bb2 53. Nd1 Bc1 54. Kf3 g5 55. fxg5 hxg5 56. Ke2 Kd7 57. Kd3 Kc6 58. c4 Ba3 59. Ne3 Bb4 60. d5+ exd5 61. cxd5+ Kd7 62. Kc4 Be7 63. d6 Bxd6 64. exd6 Kxd6 65. Nxf5+ Ke5 66. g4 Kf4 67. Kd5 Kf3 68. Ke5 Ke2 69. Kf6 Kd3 70. Kxg5 Kc4 71. h4 1-0

[Event "GER-ch Net blitz qual3"]
[Site "Playchess.com INT"]
[Date "2020.03.21"]
[Round "1"]
[White "Uhl, Patrick"]
[Black "Paehtz, Wolfgang"]
[Result "0-1"]
[WhiteElo "1701"]
[BlackElo "1852"]
[PlyCount "96"]
[EventDate "2020.03.21"]
[EventType "swiss (blitz)"]
[EventRounds "9"]
[EventCountry "GER"]
[SourceTitle "CBM 195 Extra"]
[Source "ChessBase"]
[SourceDate "2020.05.31"]
[SourceVersion "1"]
[SourceVersionDate "2020.05.31"]
[SourceQuality "1"]

1. d4 Nf6 2. Nf3 e6 3. e3 b6 4. Bd3 Bb7 5. Nbd2 d5 6. 0-0 Nbd7 7. Re1 Bd6 8. e4 dxe4 9. Nxe4 Nxe4 10. Rxe4 Bxe4 11. Bxe4 Rb8 12. c3 f5 13. Bc6 0-0 14. Ng5 Qe7 15. Qe2 e5 16. Bd2 Nf6 17. Re1 e4 18. f3 h6 19. Nh3 Kh8 20. fxe4 Nxe4 21. Qc4 Qf6 22. Bxe4 fxe4 23. Rf1 Qxf1+ 24. Qxf1 Rxf1+ 25. Kxf1 Bxh2 26. Ke2 g5 27. Nf2 Bf4 28. Ng4 Bxd2 29. Kxd2 Kg7 30. Ke3 h5 31. Ne5 Rf8 32. Kxe4 Rf2 33. Nd3 Rxg2 34. Kf3 Rd2 35. Ne5 Rxb2 36. Nc6 Rxa2 37. Ke4 h4 38. Kf3 h3 39. Ne5 h2 40. Kg4 h1Q 41. Kxg5 Qh6+ 42. Kf5 Qf6+ 43. Ke4 Ra3 44. Kd5 Rxc3 45. Nc4 Rxc4 46. Kxc4 Qd6 47. Kb5 a5 48. Ka6 a4 0-1

[Event "SVR-ch MAT 36th"]
[Site "Idar Oberstein"]
[Date "2013.03.23"]
[Round "1"]
[White "Uhl, Patrick"]
[Black "Graf, Rodolfo"]
[Result "1-0"]
[WhiteElo "1702"]
[BlackElo "1826"]
[PlyCount "49"]
[EventDate "2013.03.23"]
[EventType "tourn"]
[EventRounds "7"]
[EventCountry "GER"]
[SourceTitle "EXT 2014"]
[Source "ChessBase"]
[SourceDate "2013.11.20"]
[SourceVersion "1"]
[SourceVersionDate "2013.11.20"]
[SourceQuality "1"]

1. d4 Nf6 2. Nc3 g6 3. e4 d6 4. Nf3 Bg7 5. Be2 0-0 6. 0-0 c6 7. b3 b5 8. e5 Ne8 9. Bf4 h6 10. Qd2 Kh7 11. Rad1 Na6 12. Rfe1 Nac7 13. h3 a5 14. Bf1 b4 15. Ne4 Nd5 16. Bh2 Bf5 17. Ra1 Bxe4 18. Rxe4 Nc3 19. Rh4 dxe5 20. Bxe5 Nf6 21. Bd3 Qd5 22. Re1 h5 23. Bf4 Nce4 24. Bxe4 Nxe4 25. Rxe4 1-0

[Event "SVR-ch MAT-I 34th"]
[Site "Reil"]
[Date "2011.04.23"]
[Round "9"]
[White "Uhl, Patrick"]
[Black "Knapp, Michael"]
[Result "0-1"]
[WhiteElo "1596"]
[BlackElo "1982"]
[PlyCount "80"]
[EventDate "2011.04.15"]
[EventType "tourn"]
[EventRounds "9"]
[EventCountry "GER"]
[SourceTitle "EXT 2013"]
[Source "ChessBase"]
[SourceDate "2012.11.22"]
[SourceVersion "1"]
[SourceVersionDate "2012.11.22"]
[SourceQuality "1"]

1. d4 Nf6 2. Nf3 e6 3. Bf4 c5 4. e3 Nc6 5. c3 d5 6. Bd3 Be7 7. Nbd2 cxd4 8. exd4 Bd7 9. 0-0 Qb6 10. b3 Rc8 11. Qe2 a6 12. Ne5 Nd8 13. Nxd7 Nxd7 14. Nf3 Rxc3 15. Rfc1 Rxc1+ 16. Rxc1 Nc6 17. h4 Bf6 18. Bd6 Be7 19. Be5 0-0 20. g4 Ncxe5 21. Nxe5 Nxe5 22. dxe5 Bxh4 23. Kg2 Bg5 24. Bxh7+ Kxh7 25. Qd3+ g6 26. Qh3+ Kg7 27. Rh1 Rg8 28. f4 Bxf4 29. g5 Bxg5 30. Qg4 Qe3 31. Qf3 Qxf3+ 32. Kxf3 Rc8 33. Rg1 Bh6 34. Rg2 Rc3+ 35. Kg4 d4 36. Rh2 d3 37. Kf3 Rc2 38. Rh1 d2 39. Rd1 Rc1 40. Ke2 Rxd1 0-1

[Event "SVR-ch MAT-I 34th"]
[Site "Reil"]
[Date "2011.04.21"]
[Round "7"]
[White "Uhl, Patrick"]
[Black "Thoennes, Frank"]
[Result "0-1"]
[WhiteElo "1596"]
[BlackElo "1908"]
[PlyCount "84"]
[EventDate "2011.04.15"]
[EventType "tourn"]
[EventRounds "9"]
[EventCountry "GER"]
[SourceTitle "EXT 2013"]
[Source "ChessBase"]
[SourceDate "2012.11.22"]
[SourceVersion "1"]
[SourceVersionDate "2012.11.22"]
[SourceQuality "1"]

1. Nf3 d5 2. d4 Nf6 3. e3 c6 4. Bd3 e6 5. Nbd2 Bd6 6. Ne5 a6 7. 0-0 c5 8. c3 0-0 9. f4 b5 10. g4 g6 11. h4 Bb7 12. Qe2 Ne4 13. Qh2 f6 14. Nef3 c4 15. Bc2 a5 16. Nxe4 dxe4 17. Nd2 f5 18. g5 Bd5 19. h5 Qe8 20. Bd1 Nd7 21. Kf2 Qe7 22. Rh1 Qg7 23. Nf1 Kf7 24. Ng3 Rh8 25. h6 Qf8 26. Bd2 b4 27. Ne2 Qb8 28. b3 Rc8 29. Kg3 Qb7 30. Bc2 e5 31. fxe5 Nxe5 32. dxe5 Bxe5+ 33. Nf4 Bxf4+ 34. exf4 e3 35. Bxe3 Bxh1 36. Rxh1 Re8 37. Bd4 bxc3 38. Rd1 Rad8 39. Bxc3 Re3+ 40. Kh4 Rxd1 41. Bxd1 Rxc3 42. bxc4 Qe4 0-1

[Event "SVR-op 30th"]
[Site "Nickenich"]
[Date "2007.04.06"]
[Round "6"]
[White "Spreemann, Ralf"]
[Black "Uhl, Patrick"]
[Result "1-0"]
[WhiteElo "1821"]
[BlackElo "1637"]
[PlyCount "70"]
[EventDate "2007.03.31"]
[EventType "swiss"]
[EventRounds "7"]
[EventCountry "GER"]
[SourceTitle "EXT 2009"]
[Source "ChessBase"]
[SourceDate "2008.11.26"]
[SourceVersion "1"]
[SourceVersionDate "2008.11.26"]
[SourceQuality "1"]

1. e4 c5 2. c3 Nc6 3. Nf3 Nf6 4. e5 Nd5 5. Bc4 e6 6. 0-0 Nb6 7. Bb5 a6 8. Be2 d5 9. d4 cxd4 10. cxd4 Bd7 11. Nc3 Rc8 12. Bd3 Be7 13. Ne2 Nb4 14. Bb1 0-0 15. a3 Nc6 16. Qd3 g6 17. Qe3 f5 18. h4 Rf7 19. b3 Na5 20. Bd2 Nc6 21. g3 Na8 22. Kg2 Nc7 23. Rh1 Nb5 24. b4 Qb6 25. h5 g5 26. Nxg5 Rg7 27. f4 Nbxd4 28. Nf3 Bd8 29. Nexd4 Qa7 30. Qd3 Bb6 31. Nxf5 exf5 32. Qxd5+ Kh8 33. e6 Bxe6 34. Qxe6 Rcg8 35. Ng5 Nd8 1-0

[Event "SVR-op 30th"]
[Site "Nickenich"]
[Date "2007.04.05"]
[Round "5"]
[White "Uhl, Patrick"]
[Black "Stein, Dirk"]
[Result "1/2-1/2"]
[WhiteElo "1637"]
[BlackElo "1684"]
[PlyCount "72"]
[EventDate "2007.03.31"]
[EventType "swiss"]
[EventRounds "7"]
[EventCountry "GER"]
[SourceTitle "EXT 2009"]
[Source "ChessBase"]
[SourceDate "2008.11.26"]
[SourceVersion "1"]
[SourceVersionDate "2008.11.26"]
[SourceQuality "1"]

1. d4 b6 2. Nf3 e6 3. e3 Bb7 4. Bd3 d5 5. Nbd2 c5 6. c3 Nf6 7. Ne5 Nc6 8. Ndf3 Be7 9. Bb5 Rc8 10. Nxc6 Bxc6 11. Bxc6+ Rxc6 12. Qa4 b5 13. Qxb5 Qb6 14. Qxb6 Rxb6 15. dxc5 Bxc5 16. 0-0 0-0 17. Nd2 Rc8 18. Nb3 Bd6 19. f3 Nd7 20. Rd1 Ne5 21. e4 dxe4 22. fxe4 h6 23. Be3 Ra6 24. Nd2 Bb8 25. Bd4 Nc6 26. a4 e5 27. Be3 Nd8 28. b4 Rxc3 29. Bc5 Bd6 30. Nb1 Rxc5 31. bxc5 Bxc5+ 32. Kf1 Ne6 33. Rd5 Bd4 34. Ra2 Rc6 35. Nd2 Rc1+ 36. Ke2 Nf4+ 1/2-1/2

[Event "Rheinland-ch MAT-II 28th"]
[Site "Trier"]
[Date "2005.??.??"]
[Round "1"]
[White "Antoni, Oliver"]
[Black "Uhl, Patrick"]
[Result "1/2-1/2"]
[WhiteElo "1805"]
[BlackElo "1635"]
[PlyCount "62"]
[EventDate "2005.03.??"]
[EventType "tourn"]
[EventRounds "9"]
[EventCountry "GER"]
[SourceTitle "EXT 2009"]
[Source "ChessBase"]
[SourceDate "2008.11.26"]
[SourceVersion "1"]
[SourceVersionDate "2008.11.26"]
[SourceQuality "1"]

1. d4 g6 2. Nf3 Bg7 3. e4 d6 4. Bc4 Nh6 5. 0-0 0-0 6. h3 c6 7. a4 Kh8 8. Nc3 Qa5 9. Bd2 Qc7 10. Qc1 Ng8 11. Ng5 e6 12. Ne2 d5 13. Bd3 dxe4 14. Nxe4 f5 15. Ng5 h6 16. Nf3 Qd8 17. Nf4 Kh7 18. Re1 Re8 19. Ne5 Bxe5 20. Rxe5 Na6 21. Qe1 Nc7 22. Qe3 Nd5 23. Nxd5 cxd5 24. c4 Bd7 25. c5 Qf6 26. b4 a6 27. Rc1 Bxa4 28. Re1 Bd7 29. g4 Qh4 30. gxf5 gxf5 31. Kh2 Nf6 1/2-1/2

[Event "Rheinland-ch MAT-II 28th"]
[Site "Trier"]
[Date "2005.??.??"]
[Round "8"]
[White "Hirscher, Toni"]
[Black "Uhl, Patrick"]
[Result "1-0"]
[WhiteElo "1785"]
[BlackElo "1635"]
[PlyCount "57"]
[EventDate "2005.03.??"]
[EventType "tourn"]
[EventRounds "9"]
[EventCountry "GER"]
[SourceTitle "EXT 2009"]
[Source "ChessBase"]
[SourceDate "2008.11.26"]
[SourceVersion "1"]
[SourceVersionDate "2008.11.26"]
[SourceQuality "1"]

1. d4 g6 2. e4 Bg7 3. f4 d6 4. Nf3 c6 5. Be2 Qb6 6. c3 Nh6 7. Nbd2 Bg4 8. Nc4 Qc7 9. Ne3 Bxf3 10. Bxf3 Nd7 11. e5 dxe5 12. fxe5 Rd8 13. 0-0 Nxe5 14. Be2 0-0 15. Qa4 b5 16. Qb4 Nd7 17. Qxe7 Rde8 18. Qh4 f5 19. Bd3 Nf6 20. d5 Nhg4 21. Nxg4 Nxg4 22. dxc6 Qxc6 23. Bf4 Be5 24. Qg3 a6 25. Bc2 Bxf4 26. Qxf4 Re2 27. Bb3+ Kg7 28. Qd4+ Rf6 29. Bd5 1-0

[Event "Rheinland-ch MAT-II 28th"]
[Site "Trier"]
[Date "2005.??.??"]
[Round "4"]
[White "Uhl, Patrick"]
[Black "Simon, Peter1111"]
[Result "0-1"]
[WhiteElo "1635"]
[BlackElo "1935"]
[PlyCount "44"]
[EventDate "2005.03.??"]
[EventType "tourn"]
[EventRounds "9"]
[EventCountry "GER"]
[SourceTitle "EXT 2009"]
[Source "ChessBase"]
[SourceDate "2008.11.26"]
[SourceVersion "1"]
[SourceVersionDate "2008.11.26"]
[SourceQuality "1"]

1. d4 Nf6 2. Nf3 e6 3. e3 b6 4. Bd3 Bb7 5. Nbd2 Be7 6. 0-0 0-0 7. Re1 d6 8. e4 Nbd7 9. e5 Nd5 10. Nf1 Nb4 11. c3 Nxd3 12. Qxd3 dxe5 13. Nxe5 Nxe5 14. Rxe5 Bf6 15. Rh5 g6 16. Rh3 e5 17. Qe3 Qd5 18. f3 Bc8 19. g4 h5 20. gxh5 Bxh3 21. Ng3 exd4 22. Qd3 Bf5 0-1